[Event "FIDE WCCC Girls-10 2024"]
[Site "Montesilvano"]
[Date "2024.11.24"]
[Round "9.47"]
[White "Kocherha, Yelizavieta"]
[Black "Gichuga Wanjiru Wanjiku"]
[Result "1-0"]
[Annotator "NA RC"]
[WhiteElo "1523"]
[BlackElo "1436"]
[PlyCount "63"]
[EventDate "2024.11.18"]
[EventType "swiss"]
[EventCountry "ITA"]
[SourceTitle "playchess.com"]
[Source "ChessBase"]
[SourceQuality "1"]
[TimeControl "5400+30"]

1. e4 {[%emt 0:00:07]} e5 {[%emt 0:00:11]} 2. Nf3 {[%emt 0:00:22]} Nc6 {[%emt 0:00:20]} 3. Bc4 {[%emt 0:00:49]} h6 {[%emt 0:00:09]} 4. c3 {[%emt 0:00:26]} Bc5 {[%emt 0:00:15]} 5. d4 {[%emt 0:00:45]} exd4 {[%emt 0:00:12]} 6. cxd4 {[%emt 0:00:47]} Bb4+ {[%emt 0:00:05]} 7. Nc3 {[%emt 0:00:47]} d6 {[%emt 0:02:07]} 8. O-O {[%emt 0:04:46]} Nf6 {[%emt 0:00:15]} 9. d5 {[%emt 0:03:44]} Ne5 {[%emt 0:01:32]} 10. Qa4+ {[%emt 0:01:21]} Bd7 {[%emt 0:00:33]} 11. Qxb4 {[%emt 0:00:45]} a6 {[%emt 0:01:54]} 12. Nxe5 {[%emt 0:00:51]} c5 {[%emt 0:00:42]} 13. dxc6 {[%emt 0:00:51]} Be6 {[%emt 0:09:48]} 14. Bxe6 {[%emt 0:01:25]} fxe6 {[%emt 0:00:04]} 15. Ng6 {[%emt 0:00:29]} bxc6 {[%emt 0:01:20]} 16. Nxh8 {[%emt 0:00:20]} g5 {[%emt 0:04:00]} 17. e5 {[%emt 0:04:36]} Rb8 {[%emt 0:02:16]} 18. Qc4 {[%emt 0:00:39]} Nd7 {[%emt 0:03:16]} 19. Qxe6+ {[%emt 0:00:31]} Qe7 {[%emt 0:04:09]} 20. Qg6+ {[%emt 0:01:57]} Kf8 {[%emt 0:02:11]} 21. Qxh6+ {[%emt 0:01:03]} Ke8 {[%emt 0:00:46]} 22. exd6 {[%emt 0:01:35]} Qe5 {[%emt 0:01:09]} 23. Qg6+ {[%emt 0:00:23]} Kd8 {[%emt 0:01:03]} 24. Nf7+ {[%emt 0:00:12]} Kc8 {[%emt 0:00:48]} 25. Nxe5 {[%emt 0:00:25]} Nxe5 {[%emt 0:01:40]} 26. Qe6+ {[%emt 0:00:53]} Nd7 {[%emt 0:00:10]} 27. Qe8+ {[%emt 0:00:26]} Kb7 {[%emt 0:00:22]} 28. Qxd7+ {[%emt 0:00:06]} Ka8 {[%emt 0:00:23]} 29. Qxc6+ {[%emt 0:01:09]} Ka7 {[%emt 0:00:48]} 30. Be3+ {[%emt 0:00:26]} Rb6 {[%emt 0:00:21]} 31. Qxb6+ {[%emt 0:00:24]} Ka8 {[%emt 0:00:32]} 32. Qa7# {[%emt 0:00:08]} 1-0

[Event "FIDE WCCC Girls-10 2024"]
[Site "Montesilvano"]
[Date "2024.11.26"]
[Round "11.11"]
[White "Sun, Yucan(Sd)"]
[Black "Rosset, Anna"]
[Result "0-1"]
[Annotator "NA RC"]
[WhiteElo "1725"]
[BlackElo "1814"]
[PlyCount "68"]
[EventDate "2024.11.18"]
[EventType "swiss"]
[EventCountry "ITA"]
[SourceTitle "playchess.com"]
[Source "ChessBase"]
[SourceQuality "1"]

1. e4 e6 2. d4 d5 3. Nc3 Bb4 4. Nge2 dxe4 5. a3 Bxc3+ 6. Nxc3 Nc6 7. Bb5 Nge7 8. Be3 O-O 9. Qd2 Nd5 10. Nxe4 Qh4 11. Ng3 h6 12. O-O-O a6 13. Bd3 b5 14. c3 Rb8 15. Ne2 a5 16. g4 b4 17. a4 bxc3 18. Nxc3 Ncb4 19. Nxd5 exd5 20. g5 hxg5 21. f3 Qh6 22. Kb1 Qc6 23. Bb5 Bf5+ 24. Ka1 Nc2+ 25. Ka2 Rxb5 26. axb5 Qxb5 27. b3 Re8 28. Rhe1 Nxe1 29. Rxe1 a4 30. Qc3 Rb8 31. Bxg5 axb3+ 32. Kb2 Bc2 33. Qxc7 Ra8 34. Re7 Qd3 0-1

[Event "FIDE WCCC Girls-10 2024"]
[Site "Montesilvano"]
[Date "2024.11.26"]
[Round "11.40"]
[White "Li, Grace"]
[Black "Damaso Tacoronte, Carolina"]
[Result "1/2-1/2"]
[Annotator "NA RC"]
[WhiteElo "1529"]
[BlackElo "1875"]
[PlyCount "133"]
[EventDate "2024.11.18"]
[EventType "swiss"]
[EventCountry "ITA"]
[SourceTitle "playchess.com"]
[Source "ChessBase"]
[SourceQuality "1"]

1. e4 c5 2. c3 Nc6 3. d4 cxd4 4. cxd4 d5 5. e5 g6 6. Nf3 Bg4 7. Be3 Nh6 8. h3 Bxf3 9. Qxf3 Nf5 10. Bb5 Bg7 11. Nc3 e6 12. O-O O-O 13. Rfd1 Qb6 14. Bxc6 bxc6 15. Na4 Qb4 16. b3 Rfd8 17. Nc5 Nxe3 18. fxe3 Qb5 19. Rf1 Rf8 20. Nd7 c5 21. Nxf8 Rxf8 22. dxc5 Qxc5 23. Rac1 Qe7 24. Qg3 a5 25. a4 Qa7 26. Kh1 Qb8 27. Rc5 Bxe5 28. Qf3 Qa7 29. Rb5 Bg7 30. Rc1 Be5 31. Rcc5 Bc7 32. h4 h5 33. g4 hxg4 34. Qxg4 Kg7 35. Qd4+ Kh7 36. Rxd5 Qa8 37. h5 exd5 38. hxg6+ fxg6 39. Qh4+ Kg7 40. Qd4+ Kg8 41. e4 Qc6 42. Rc5 Bb6 43. Rxc6 Bxd4 44. exd5 Rd8 45. Rxg6+ Kf7 46. Rg3 Rxd5 47. Kg2 Kf6 48. Kf1 Rf5+ 49. Ke2 Ke5 50. Kd3 Kd5 51. Kc2 Kc5 52. Rd3 Rf2+ 53. Rd2 Rxd2+ 54. Kxd2 Kb4 55. Kd3 Kxb3 56. Kxd4 Kxa4 57. Kc3 Ka3 58. Kc2 Ka2 59. Kc1 a4 60. Kc2 a3 61. Kc1 Kb3 62. Kb1 Kc3 63. Ka1 Kc4 64. Ka2 Kb4 65. Ka1 Ka5 66. Ka2 Ka4 67. Ka1 1/2-1/2